000 01647cam a22004094a 4500
001 13758575
003 OSt
005 20140310181630.0
008 041022s2005 enk 000 0 eng
010 _a 2004060608
020 _a9781403915023 (cloth)
020 _a9781403915030 (pbk.)
020 _a1403915024 (cloth)
020 _a1403915032 (pbk.)
040 _aDLC
_cDLC
_dDLC
042 _apcc
043 _amm-----
050 0 0 _aDF 505
_b.P161 2005
082 0 0 _aTR 949.502072
_bP17 2005
100 _aHarris, Jonathan
_91669
245 0 0 _aPalgrave advances in Byzantine history /
_cedited by Jonathan Harris.
260 _aHoundmills, Basingstoke, Hampshire ;
_aNew York :
_bPalgrave Macmillan,
_c2005.
300 _a252 p. ;
_c23 cm.
440 0 _aPalgrave advances
_91670
500 _aIncludes bibliographical references and index.
521 _aFaculty
541 _j1
562 _eFor circulation. One copy availablein the collection.
650 _aByzantine Empire
_xHistoriography.
_91671
700 1 _aHarris, Jonathan.
_91672
856 4 2 _3Contributor biographical information
_uhttp://www.loc.gov/catdir/enhancements/fy0618/2004060608-b.html
856 4 2 _3Publisher description
_uhttp://www.loc.gov/catdir/enhancements/fy0618/2004060608-d.html
856 4 1 _3Table of contents only
_uhttp://www.loc.gov/catdir/enhancements/fy0618/2004060608-t.html
906 _a7
_bcbc
_corignew
_d1
_eocip
_f20
_gy-gencatlg
942 _2lcc
_cBK-TR
_kTR
999 _c466
_d466